00373nam a2200145Ia 4500008004100000020001500041041001200056082001100068100001900079245007300098260002500171300000800196650000800204700001500212221030s9999 xx 000 0 und d a007061220X aEnglish a105.23 aM. K. Achuthan 0aFundamentals of Semiconductor Devicescby M. K. Achuthan, K. N. Bhat bTMHaNew Delhic2009 a724 aECE aK. N. Bhat